FC Bayern All-time Greatest XI - Statistics

General Stats
  • This quiz has been taken 50 times
  • The average score is 14 of 19
Answer Stats
Years Position Player % Correct
1964-1979 ST Gerd Müller
100%
2011- GK Manuel Neuer
100%
2000-2025 MF Thomas Müller
100%
1995-2017 DF Philipp Lahm
94%
2014-2022 ST Robert Lewandowski
92%
1959-1977 DF Franz Beckenbauer
90%
1994-2008 GK Oliver Kahn
90%
1998-2015 MF Bastian Schweinsteiger
85%
2009-2019 MF Arjen Robben
81%
2007-2019 MF Franck Ribery
77%
2011-2021 DF Jérôme Boateng
75%
1984-1988, 1992-2000 MF Lothar Matthäus
75%
1987-1991, 2009, 2011-2013, 2017-2018 Coach Jupp Heynckes
65%
1974-1984 ST Karl-Heinz Rummenigge
60%
1959-1979 GK Sepp Maier
56%
1970-1974, 1978-1983 DF Paul Breitner
48%
1990-1992, 1998-2002 MF Stefan Effenberg
40%
1961-1981 DF Georg Schwarzenbeck
27%
1975-1991 DF Klaus Augenthaler
25%
No matching quizzes found
Score Distribution
Percent of People with Each Score
Percentile by Number Answered
Your Score History
You have not taken this quiz